Statistics for Valencia scorers in Liga 2014-2015

Click here to take the quiz!

General Stats

  • This quiz has been taken 27 times
    (23 since last reset)
  • The average score is 10 of 15

Answer Stats

Player Goals % Correct
Nicolas Otamendi6
95%
Daniel Parejo11
89%
Paco Alcacer11
74%
Shkodran Mustafi4
74%
Rodrigo3
74%
José Luis Gaya1
74%
Alvaro Negredo5
68%
André Gomes4
68%
Pablo Piatti7
63%
Sofiane Feghouli6
63%
Antonio Barragan1
58%
Javi Fuego3
53%
Lucas Orban1
47%
Rodrigo De Paul1
47%
Carles Gil1
37%

Score Distribution

Percentile by Number Answered

Percent of People with Each Score

Your Score History

You have not taken this quiz since the last reset